| 000 | 00334nam a2200133Ia 4500 | ||
|---|---|---|---|
| 005 | 20260326235445.0 | ||
| 008 | 260326s9999||||xx |||||||||||||| ||und|| | ||
| 100 | _aSyring, Eberhard | ||
| 245 | 0 |
_aSchaorun : _b Hans Schaorun 1893-1972 / _cEberhard Syring |
|
| 260 | _bTaschen | ||
| 300 | _a96 p. | ||
| 650 | _aARQUITECTOS | ||
| 942 | _cBK | ||
| 999 |
_c7552 _d7552 |
||